| 000 | 00365nam a2200157Ia 4500 | ||
|---|---|---|---|
| 100 | _aTurban/ Rainer | ||
| 650 | _aInformation technology | ||
| 942 | _cBK | ||
| 654 | _ainformation technology | ||
| 245 | _aIntroduction to Information technology | ||
| 260 |
_bJohn Wiley _c1994 |
||
| 082 |
_a658.0546 _bTUR |
||
| 300 | _a550 | ||
| 546 | _aENGLISH | ||
| 999 |
_c27791 _d27791 |
||